期刊信息 |
| 索取号 |
G51/WGJY
|
| 题名 |
外国教育资料
|
| 作者 |
华东师范大学比较教育研究所
|
| 分册号 |
|
| 分册名 |
|
| 出版地 |
上海
|
| 出版者 |
华东师范大学出版社
|
| 标准刊号 |
|
| 出版频率 |
双月刊
|
| 中图法分类 |
G40-03
|
| 主题词 |
|
| 电子资源 | |
| |
|
| 000 | 01149nas002200349 45 | |
| 001 | 1196060629 | |
| 005 | 20070511103103.76 | |
| 011 | @d¥4.10(1996) | |
| 091 | @aCN@b31-1164 | |
| 092 | @aCN@b4-358 | |
| 100 | @a19930709a19729999ekmy0chiy0121 eb | |
| 101 | 0 | @achi |
| 102 | @aCN@b310000 | |
| 110 | @aagaz 0yu0 | |
| 200 | 1 | @a外国教育资料@AWAI GUO JIAO YU ZI LIAO@dForeign educational resources@zeng@f华东师范大学比较教育研究所@FHUA DONG SHI FAN DA XUE BI JIAO JIAO YU YAN JIU SUO |
| 207 | 0 | @aNo.1(1972,2)~no.2?(1976);1977,no.1(1977)~=总2?~ |
| 210 | @a上海@c华东师范大学出版社@d1972~ | |
| 215 | @d26cm | |
| 300 | @a曾为内部刊物 | |
| 326 | @a双月刊@b1977~78 | |
| 326 | @a季刊@b1979~80 | |
| 326 | @a双月刊@b1981~ | |
| 326 | @a不定期@b1972~76 | |
| 510 | 1 | @aForeign educational resources@zeng |
| 540 | 1 | @a外国 教育 资料@AWAI GUO JIAO YU ZI LIAO |
| 676 | @a370@v19 | |
| 690 | @aG40-03@v3 | |
| 690 | @aG51@v4 | |
| 701 | 0 | @a杜殿坤@ADU DIAN KUN@4主编 |
| 711 | 02 | @a华东师范大学比较教育研究所@AHUA DONG SHI FAN DA XUE BI JIAO JIAO YU YAN JIU SUO@4主办 |
| 801 | 0 | @aCN@bPFT@c20070511 |
| 905 | @a1@cQ@dG51@eWGJY | |
| 外国教育资料=Foreign educational resources/华东师范大学比较教育研究所.-No.1(1972,2)~no.2?(1976);1977,no.1(1977)~=总2?~.-上海:华东师范大学出版社,1972~ |
| 26cm |
| 曾为内部刊物 |
| ¥4.10(1996) |
| ● |
| 相关链接: |
|
|
|
|